[Event "IECG TG-2003-0-14941"]
[Site "IECG email"]
[Date "2003.07.27"]
[Round "1"]
[White "Brown, Steven"]
[Black "McKeough, Sean"]
[Result "1/2-1/2"]
[WhiteElo "1126"]
[BlackElo "1139"]
[PlyCount "87"]
[EventDate "2003.07.27"]
[EventType "tourn (corr)"]
[EventRounds "6"]
[SourceTitle "Corr 2024"]
[Source "ChessBase"]
[SourceDate "2023.10.19"]
[SourceVersion "1"]
[SourceVersionDate "2023.10.19"]
[SourceQuality "1"]

1. e4 e6 2. Nf3 d5 3. e5 c5 4. c3 Nc6 5. d4 cxd4 6. cxd4 Bb4+ 7. Bd2 Qb6 8. Bxb4 Qxb4+ 9. Qd2 Bd7 10. Nc3 f6 11. Rd1 a6 12. Bd3 Kf7 13. 0-0 Nge7 14. a3 Qb3 15. Rfe1 Rac8 16. Rc1 f5 17. Bc2 Qb6 18. Na4 Qa7 19. Nc5 Nxd4 20. Ng5+ Ke8 21. Qxd4 Qxc5 22. Nxe6 Qxd4 23. Nxd4 f4 24. e6 Bc6 25. b4 g5 26. a4 b6 27. Nf3 g4 28. Ne5 Rg8 29. Bxh7 Rg7 30. Nxc6 Nxc6 31. Bd3 Rcc7 32. b5 Nb4 33. Bg6+ Kd8 34. Bf7 Ra7 35. bxa6 Ke7 36. Rb1 Nxa6 37. Rxb6 Nc5 38. Rb5 Nxa4 39. Rxd5 Nc3 40. Rf5 Ne2+ 41. Kf1 f3 42. gxf3 gxf3 43. Rxf3 Rg1+ 44. Kxe2 1/2-1/2